000 00671nam a2200181 4500
008 170505b xxu||||| |||| 00| 0 eng d
020 _a0-8133-0908-5
082 _21991
_aDC 327.5694
_bG31
100 _920687
_aGerner, Deborah J
245 _aOne land, two peoples :
_bthe conflict over Palestine /
_cDeborah J. Gerner.
260 _aBoulder :
_bWestview Press,
_c1991.
300 _axv, 220 pages, [1] leaf of plates :
_billustrations, maps ;
_c24 cm.
440 _920690
_aDilemmas in world politics
500 _aIncludes bibliographical references and index.
650 0 _920688
_aArab-Israeli conflict
650 0 _920689
_aJewish-Arab relations
942 _2ddc
_cDC
999 _c6835
_d6835